|
|
|
|
| LEADER |
00000nam0a2200000 4500 |
| 001 |
314040 |
| 005 |
20231102002634.0 |
| 010 |
|
|
|a 9785811407569
|
| 035 |
|
|
|a (RuTPU)RU\TPU\book\339450
|
| 035 |
|
|
|a RU\TPU\book\132116
|
| 090 |
|
|
|a 314040
|
| 100 |
|
|
|a 20070925d2016 m y0rusy50 ca
|
| 101 |
0 |
|
|a rus
|
| 102 |
|
|
|a RU
|
| 105 |
|
|
|a a j 000zy
|
| 200 |
1 |
|
|a Основы статистической физики и термодинамики
|e учебное пособие
|f А. И. Ансельм
|
| 205 |
|
|
|a 2-е изд., стер.
|
| 210 |
|
|
|a Санкт-Петербург
|c Лань
|d 2016
|
| 215 |
|
|
|a 427 с.
|c ил.
|
| 225 |
1 |
|
|a Учебники для вузов. Специальная литература
|
| 225 |
1 |
|
|a Классическая учебная литература по физике
|
| 330 |
|
|
|a В книге систематически излагаются основы классической и квантовой статистической физики и термодинамики. Особенность книги заключается в выводе положений термодинамики на основе статистического распределения, что позволяет не только лучше усвоить и понять термодинамику, но и установить границы ее применения. Общая статистическая теория применяется к широкому кругу физических явлений: идеальным и неидеальным газам, твердому телу, фазовым превращениям, черному излучению, фононам, электронам в металлах, флуктуациям, брауновскому движению и др. Последняя глава посвящена основам теории неравновесных процессов. Книга предназначена для студентов физических специальностей университетов и высших технических учебных заведений.
|
| 606 |
1 |
|
|a Статистическая физика
|2 stltpush
|3 (RuTPU)RU\TPU\subj\27931
|9 51579
|
| 606 |
1 |
|
|a Термодинамика
|2 stltpush
|3 (RuTPU)RU\TPU\subj\59922
|9 77416
|
| 610 |
1 |
|
|a физика
|
| 610 |
1 |
|
|a классическая статистика
|
| 610 |
1 |
|
|a распределения
|
| 610 |
1 |
|
|a квантовая статистика
|
| 610 |
1 |
|
|a вещество
|
| 610 |
1 |
|
|a калорические свойства
|
| 610 |
1 |
|
|a идеальные газы
|
| 610 |
1 |
|
|a твердые тела
|
| 610 |
1 |
|
|a неидеальные газы
|
| 610 |
1 |
|
|a фазовое равновесие
|
| 610 |
1 |
|
|a статистика Бозе
|
| 610 |
1 |
|
|a статистика Ферми
|
| 610 |
1 |
|
|a флуктуации
|
| 610 |
1 |
|
|a броуновское движение
|
| 610 |
1 |
|
|a неравновесные процессы
|
| 610 |
1 |
|
|a учебные пособия
|
| 675 |
|
|
|a 531.19(075.8)
|v 3
|
| 675 |
|
|
|a 536.7(075.8)
|v 3
|
| 700 |
|
1 |
|a Ансельм
|b А. И.
|g Андрей Иванович
|
| 801 |
|
1 |
|a RU
|b 63413507
|c 20160208
|
| 801 |
|
2 |
|a RU
|b 63413507
|c 20160804
|g RCR
|
| 900 |
|
|
|a Статистическая физика
|
| 900 |
|
|
|a Термодинамика
|
| 942 |
|
|
|c BK
|
| 951 |
|
|
|l 8
|
| 959 |
|
|
|a 17/20160208
|d 5
|e 727,76
|f ЧЗТЛ:1
|f УФ:4
|